Country per Last Letter Quiz Stats

Quiz Updated Oct 6, 2017

Also try: Country per Letter
Challenge
Share
Tweet
Embed
Score 0/17 Timer 03:00
28 Plays Today
Last Letter Country % Correct
NAfghanistan ...
96.7%
YGermany ...
94.3%
DChad ...
93.2%
EBelize ...
92.4%
OBurkina Faso ...
90%
SBahamas ...
84.9%
LBrazil ...
84.5%
REcuador ...
79.5%
QIraq
78.8%
Last Letter Country % Correct
IBrunei ...
77.1%
UGuinea-Bissau ...
77.1%
MBelgium ...
67.5%
TEgypt ...
57.4%
CCentral African Republic ...
51.1%
KDenmark
45.8%
HBangladesh
34%
GLuxembourg
30.5%

You're not logged in!

Compare scores with friends on all Sporcle quizzes.
Sign Up with Email
OR
Log In

You Might Also Like...

Show Comments

Extras

Top Quizzes Today


Score Distribution

Your Account Isn't Verified!

In order to create a playlist on Sporcle, you need to verify the email address you used during registration. Go to your Sporcle Settings to finish the process.

Report this User

Report this user for behavior that violates our Community Guidelines.

Details: